000 01171nam2a2200265 4500
001 RU\NLR\BIBL_A\012519348
005 20210608130605.0
010 _a978-5-4477-3453-4
_970
021 _aRU
_bКН-П-20-086070
_9КН-П-20-6551
035 _a(NLR Aleph) 012519348
035 _a(RuMoRGB)010532425
090 _a12316747
_c12316747
100 _a20210517d2021 u y0rusy50 ca
101 0 _arus
102 _aRU
105 _ay z 000zy
200 1 _aИзбранное 2
210 _d2021
215 _a170, [6] с.
327 1 _aСодерж.: Новые афоризмы; О евреях; Избранные афоризмы; Рассказы
461 0 _1001RU\NLR\BIBL_A\011333050
_12001#$aАфоризмы и рассказы$fМихаил Туллер$g[Проза.ру]$vЧ. 8
_1700#1$aТуллер$bМ. Я.$f1938-$gМихаил Яковлевич
_911145491
_aТуллер, М. Я. (1938-)
_cМосква
_d2017
_fМихаил Туллер
_nИзд-во Российского союза писателей
_tАфоризмы и рассказы
_vЧ. 8
942 _cBOOK
980 _aNB